000 00400nam a22001457a 4500
005 20171123132234.0
008 171123b xxu||||| |||| 00| 0 eng d
040 _cPK-LaUMT
082 _aPKAC 324.095491
_bRAZ-L
100 _aRaza Rabbani , Mian
245 _aLFO : a fraud on the constitution/
_cMian Raza Rabbani
260 _aKarachi:
_bQ.A. publishers,
_c2003
300 _a241 p.
942 _cBK
999 _c100244
_d100244